000 00793cam a2200229 a 4500
001 3575414
005 20180312042913.0
008 990223s2000 njua b 001 0 eng
010 _a 99021766
020 _a0130961035
040 _aDLC
_cDLC
041 _aeng
080 _a370.72 gay
082 0 0 _a370.72 gay
_221
100 1 _a25
101 _aedu
245 1 0 _aEducational research :
_cL.R. Gay, Peter Airasian.
504 _aIncludes bibliographical references and indexes.
906 _a7
_bcbc
_corignew
_d1
_eocip
_f19
_gy-gencatlg
942 _2ddc
_cBK
999 _c44660
_d44660